<?xml version="1.0" encoding="UTF-8"?>
<record
    xmlns:xsi="http://www.w3.org/2001/XMLSchema-instance"
    xsi:schemaLocation="http://www.loc.gov/MARC21/slim http://www.loc.gov/standards/marcxml/schema/MARC21slim.xsd"
    xmlns="http://www.loc.gov/MARC21/slim">

  <leader>01031nam a22002173i 4500</leader>
  <controlfield tag="001">80819</controlfield>
  <controlfield tag="003">BD-RjUL</controlfield>
  <controlfield tag="005">20221121123601.0</controlfield>
  <controlfield tag="008">221122s1955    ii            ||| | ara d</controlfield>
  <datafield tag="035" ind1=" " ind2=" ">
    <subfield code="a">(BD-RjUL)80819</subfield>
  </datafield>
  <datafield tag="040" ind1=" " ind2=" ">
    <subfield code="a">UkOxU</subfield>
    <subfield code="b">eng</subfield>
    <subfield code="e">rda</subfield>
    <subfield code="c">UkOxU</subfield>
  </datafield>
  <datafield tag="041" ind1=" " ind2=" ">
    <subfield code="a">ara</subfield>
  </datafield>
  <datafield tag="082" ind1=" " ind2=" ">
    <subfield code="2">23</subfield>
    <subfield code="a">340.59</subfield>
    <subfield code="b">MAK 1955</subfield>
  </datafield>
  <datafield tag="245" ind1="0" ind2="0">
    <subfield code="a">&#x645;&#x64F;&#x648;&#x637;&#x64E;&#x651;&#x623; &#x627;&#x644;&#x625;&#x645;&#x627;&#x645; &#x645;&#x627;&#x644;&#x643; /   Muwa&#x1E6D;&#x1E6D;a&#x2BC; al-Im&#x101;m M&#x101;lik /</subfield>
    <subfield code="c">&#x631;&#x648;&#x627;&#x64A;&#x629; &#x645;&#x62D;&#x645;&#x62F; &#x628;&#x646; &#x627;&#x644;&#x62D;&#x633;&#x646; &#x627;&#x644;&#x634;&#x64A;&#x628;&#x627;&#x646;&#x64A;. &#x645;&#x639; &#x627;&#x644;&#x62A;&#x639;&#x644;&#x64A;&#x642; &#x627;&#x644;&#x645;&#x645;&#x62C;&#x62F; &#x639;&#x644;&#x649; &#x645;&#x64F;&#x648;&#x637;&#x64E;&#x651;&#x623; &#x645;&#x62D;&#x645;&#x651;&#x62F; / &#x634;&#x631;&#x62D; &#x639;&#x628;&#x62F; &#x627;&#x644;&#x62D;&#x64A;&#x651; &#x627;&#x644;&#x644;&#x643;&#x646;&#x648;&#x64A; ; &#x62A;&#x639;&#x644;&#x64A;&#x642; &#x648;&#x62A;&#x62D;&#x642;&#x64A;&#x642; &#x62A;&#x642;&#x64A; &#x627;&#x644;&#x62F;&#x64A;&#x646; &#x627;&#x644;&#x646;&#x62F;&#x648;&#x64A;.   ##  riw&#x101;yat Mu&#x1E25;ammad ibn al-&#x1E24;asan al-Shayb&#x101;n&#x12B;. Ma&#x2BF;a al-ta&#x2BF;l&#x12B;q al-mumajjid &#x2BF;al&#xE1; muwa&#x1E6D;&#x1E6D;a&#x2BC; Mu&#x1E25;ammad / shar&#x1E25; &#x2BF;Abd al-&#x1E24;ayy al-Laknaw&#x12B; ; ta&#x2BF;l&#x12B;q wa-ta&#x1E25;q&#x12B;q Taq&#x12B; al-D&#x12B;n al-Nadw&#x12B;.</subfield>
  </datafield>
  <datafield tag="264" ind1=" " ind2="1">
    <subfield code="a">Dewand :</subfield>
    <subfield code="b">Tutub khana ajijiah,</subfield>
    <subfield code="c">1955</subfield>
  </datafield>
  <datafield tag="300" ind1=" " ind2=" ">
    <subfield code="a">392 p.; </subfield>
    <subfield code="c">27 cm</subfield>
  </datafield>
  <datafield tag="600" ind1=" " ind2=" ">
    <subfield code="a">Muwa&#x1E6D;&#x1E6D;a&#x2BC; (M&#x101;lik ibn Anas)</subfield>
    <subfield code="9">5951</subfield>
  </datafield>
  <datafield tag="650" ind1=" " ind2=" ">
    <subfield code="a">Islamic law</subfield>
  </datafield>
  <datafield tag="650" ind1=" " ind2=" ">
    <subfield code="a">Hadith</subfield>
  </datafield>
  <datafield tag="942" ind1=" " ind2=" ">
    <subfield code="2">ddc</subfield>
    <subfield code="c">BK</subfield>
  </datafield>
  <datafield tag="999" ind1=" " ind2=" ">
    <subfield code="c">80819</subfield>
    <subfield code="d">80819</subfield>
  </datafield>
  <datafield tag="952" ind1=" " ind2=" ">
    <subfield code="0">0</subfield>
    <subfield code="1">0</subfield>
    <subfield code="2">ddc</subfield>
    <subfield code="4">0</subfield>
    <subfield code="7">1</subfield>
    <subfield code="8">NFIC</subfield>
    <subfield code="a">RUCL</subfield>
    <subfield code="b">RUCL</subfield>
    <subfield code="c">Reading</subfield>
    <subfield code="d">1973-10-13</subfield>
    <subfield code="e">Quan manjil, Rajshahi</subfield>
    <subfield code="l">0</subfield>
    <subfield code="o">A 340.59 MAK 1955</subfield>
    <subfield code="r">2022-11-21 00:00:00</subfield>
    <subfield code="t">C-1</subfield>
    <subfield code="w">2022-11-21</subfield>
    <subfield code="y">BK</subfield>
  </datafield>
</record>
